Địa ốc Việt Nam = Viet Nam real estate journal Số 26 2012
Nội dung số này trình bày các vấn đề về bất động sản trong tháng: tiêu điểm; góc nhìn vĩ mô; nghiên cứu - phản biện; phân tích - nhận định; thị trường vàng; doanh nghiệp - doanh nhân; cơ hội đầu tư; thị trường; quy hoạch kiến trúc; tư vấ...
Αποθηκεύτηκε σε:
| Μορφή: | Βιβλίο |
|---|---|
| Γλώσσα: | Vietnamese |
| Έκδοση: |
Tp. Hồ Chí Minh
Công ty cổ phần Tri Thức Doanh Nghiệp Quốc Tế
2012
|
| Θέματα: | |
| Ετικέτες: |
Προσθήκη ετικέτας
Δεν υπάρχουν, Καταχωρήστε ετικέτα πρώτοι!
|
| Thư viện lưu trữ: | Thư viện Trường Đại học Nam Cần Thơ |
|---|
| LEADER | 01220nam a22002057a 4500 | ||
|---|---|---|---|
| 001 | NCT_132417 | ||
| 008 | 220310b xxu||||| |||| 00| 0 vie d | ||
| 999 | |c 6810 |d 6810 | ||
| 041 | 0 | |a vie | |
| 082 | 0 | 4 | |2 23rd ed. |a 333.33 |b Đ301O |
| 245 | 0 | 0 | |a Địa ốc Việt Nam |b = Viet Nam real estate journal |n Số 26 |c Công ty cổ phần Tri Thức Doanh Nghiệp Quốc Tế |p 2012 |
| 260 | |a Tp. Hồ Chí Minh |b Công ty cổ phần Tri Thức Doanh Nghiệp Quốc Tế |c 2012 | ||
| 300 | |c 29cm | ||
| 310 | |a Hàng tháng | ||
| 362 | |a 10/2012 | ||
| 520 | 3 | |a Nội dung số này trình bày các vấn đề về bất động sản trong tháng: tiêu điểm; góc nhìn vĩ mô; nghiên cứu - phản biện; phân tích - nhận định; thị trường vàng; doanh nghiệp - doanh nhân; cơ hội đầu tư; thị trường; quy hoạch kiến trúc; tư vấn; pháp luật;... | |
| 655 | |a Tạp chí | ||
| 942 | |2 ddc |c CR | ||
| 952 | |0 0 |1 0 |2 ddc |4 0 |6 333_330000000000000_Đ301O |7 0 |9 24690 |a 000001 |b 000001 |d 2022-06-01 |o 333.33 Đ301O |r 2022-06-01 |w 2022-06-01 |y CR | ||
| 980 | |a Thư viện Trường Đại học Nam Cần Thơ | ||